000 00380nam a2200157Ia 4500
008 220803s9999 xx 000 0 und d
020 _a9780415704977
041 _aeng
082 _a691 LYO
100 _aLyons A
_924768
245 _aMaterials For Architects And Builders
250 _a5th
260 _aLondon
_bTaylor And Francis
_c2014
300 _a496 p
500 _aARCHI
999 _c15657
_d15657